| 000 | 00700nam a2200217Ii 4500 | ||
|---|---|---|---|
| 003 | JO-AjNU | ||
| 008 | 230605s9999||||xx |||||||||||||| ||und|| | ||
| 017 | _a2018/12/6129 | ||
| 020 | _a978-9923-731-08-6 | ||
| 040 |
_aJO-AjNU _bara _erda _cJO-AjNU |
||
| 041 | _aara | ||
| 050 | 1 | 4 | _aPJ7858.A525 2018 |
| 100 | 3 |
_aالقاسم، نضال, _eauthor _958880 |
|
| 245 | 0 | 0 | _aأحزان الفصول الأربعة |
| 264 | 3 | 1 | _aعمان: هبه ناشرون وموزعون، 2018 |
| 300 | _a101ص | ||
| 336 |
_atext _btxt _2rdacontent |
||
| 337 |
_aunmediated _bn _2rdamedia |
||
| 338 |
_avolume _bnc _2rdacarrier |
||
| 650 | 4 |
_aالشعر العربي-العصر الحديث-ادب عربي _958881 |
|
| 999 |
_aA26468 _c30036 _d30036 |
||